| 000 | 00499nam a2200157 a 4500 | ||
|---|---|---|---|
| 001 | 000039792 | ||
| 005 | 20201002033734.0 | ||
| 008 | 130722s1970 xxua 000 0 spa d | ||
| 040 |
_aDO-SdBNP _bspa _cBNPHU |
||
| 082 | _axxx | ||
| 100 | 1 |
_aEnggass, Robert, _d1921- _965989 |
|
| 245 | 0 |
_aItaly and spain 1600-1750 : _bsurces and documents / _cRobert Enggass, Jonathan Brown. |
|
| 260 |
_aNew Jersey : _bPrentice-Hall, _c1970. |
||
| 300 |
_axi, 239 p. : _bil. ; _c23 cm. |
||
| 700 | 1 |
_aBrown, Jonathan _965917 |
|
| 999 |
_c39282 _d39282 |
||